Papers on non-market decision making.

Bibliographic Details
New Title:Public choice (Online)
Corporate Author: Thomas Jefferson Center for Political Economy
Format: Journal
Language:English
Published: Charlottesville, Va. : Thomas Jefferson Center for Political Economy, University of Virginia, 1966-1967.
Subjects:
Online Availability: Check for online availability

MARC

Tag First Indicator Second Indicator Subfields
LEADER 00000cas a2200000 a 4500
001 in00002785612
005 20151202172121.0
006 m o d
007 cr |||||||||||
008 090122d19661967vau x poo 0 0eng d
010 |a  2009235056 
022 |y 1941-9716 
029 1 |a NZ1  |b 13969513 
029 1 |a AU@  |b 000043772202 
035 |a (OCoLC)ocn299097516 
035 |a (OCoLC)299097516 
040 |a EYM  |c EYM  |d HUL  |d MUQ  |d OCLCQ  |d TXA  |d UtOrBLW 
042 |a lcd 
049 |a TXAM 
050 1 4 |a JA1 
050 1 4 |a HB73  |b .P36 Electronic 
245 0 0 |a Papers on non-market decision making. 
264 1 |a Charlottesville, Va. :  |b Thomas Jefferson Center for Political Economy, University of Virginia,  |c 1966-1967. 
310 |a Irregular 
336 |a text  |b txt  |2 rdacontent 
337 |a computer  |b c  |2 rdamedia 
338 |a online resource  |b cr  |2 rdacarrier 
362 1 |a Began with: Vol. 1, no. 1 (Dec. 1966); ceased with: Vol. 3, no. 1 (Jan. 1967). 
500 |a Description based on: Volume 1, number 1 (Dec. 1966); title from cover (JSTOR, viewed Jan. 22, 2009). 
500 |a Final issue consulted (JSTOR, viewed Jan. 22, 2009). 
500 |a Electronic resource. 
650 0 |a Social sciences  |v Periodicals. 
650 0 |a Decision making  |v Periodicals. 
650 6 |a Sciences sociales  |v Périodiques. 
650 6 |a Prise de décision  |v Périodiques. 
710 2 |a Thomas Jefferson Center for Political Economy. 
776 0 8 |i Also issued in print:  |t Papers on non-market decision making  |x 1941-9716  |w (DLC) 2008213469  |w (OCoLC)2449429 
785 0 0 |t Public choice (Online)  |w (DLC) 2004233283  |w (OCoLC)38267255 
948 |a cataloged  |b h  |c 2012/12/17  |d c  |e spoltoratski  |f 12:03:32 pm  |g sc 
994 |a C0  |b TXA 
999 |a MARS 
999 f f |s a47165c1-a1fb-3bf4-97cc-457204ec94a2  |i ceb281e7-38a5-353c-8699-7af2b21ce6b5  |t 0 
952 f f |a Texas A&M University  |b College Station  |c Electronic Resources  |d Available Online  |t 0  |e HB73 .P36  |g Electronic  |h Library of Congress classification 
998 f f |a HB73 .P36  |t 0  |l Available Online